000 00706nam a2200193Ia 4500
003 OSt
005 20240814124629.0
008 210210b1997 xxu||||| |||| 00| 0 eng d
040 _cAL
041 _aKannada
082 _a181.4K PRAB
100 _aPRABHAKARA JOSHI (M) mattu HEGADE SIDDAPURA (M A).
_dಪ್ರಭಾಕರ ಜೋಶಿ (ಎ೦) ಮತ್ತು ಹೆಗಡೆ ಸಿದ್ದಾಪುರ ((ಎ೦ ಎ)
_9177311
245 _aBharatiya thathvashastra parichaya.
_bಭಾರತೀಯ ತತ್ವಶಾಸ್ತ್ರ ಪರಿಚಯ.
260 _aMangaluru.
_bDhigantha Shithya.,
_c1997
300 _a287
690 _aIndian Philosophy
_9177312
906 _a053939
942 _2ddc
_cBK
999 _c101854
_d101854